Nauka_angielskiego_03 - Statystyki

Ogólne statystyki
  • Ten quiz został rozwiązany 4 883 razy
  • Średni wynik to 11 z 22
Statystyki odpowiedzi
Hint Odpowiedź % Poprawnych
rozmawiać talk
85%
mokry wet
78%
mówić speak
74%
poranek morning
73%
wyzwanie challenge
66%
wieczór evening
63%
lubię truskawki I like strawberries
63%
jestem dumny I am proud
62%
wskazówka hint
60%
która godzina? what time is it?
60%
uruchomić launch
58%
wstydliwy timid
55%
liczyć count
54%
mów głośniej speak up
52%
tęsknić za czymś miss sth (something)
38%
ćwiczyć exercise
34%
przerwać break
31%
wskazać point
31%
rozkaz order
28%
duma pride
28%
wilgotny moist
9%
stos stack
9%
Nie znaleziono quizów pasujących do podanych kryteriów
Rozkład punktacji
Procent ludzi z każdym wynikiem
Percentyl według liczby udzielonych odpowiedzi
Twoja historia wyników
Nie rozwiązałeś tego quizu